000 01163nam a2200253Ia 4500
003 Ost
005 20260416102353.0
008 260416s9999||||xx |||||||||||||| ||und||
040 _cfsecg
041 _aara
082 _a338.7
100 _aبوطالبي، معمر
_eمؤلف
245 0 _aإقتصاد المؤسسة :
_bدروس ومحاضرات /
_c معمر بوطالبي
260 _aالجزائر
_bجامعة الجزائر3: كلية العلوم الإقتصادية، العلوم التجارية وعلوم التسيير
_c2017
300 _a90 ورقة
_bايضاحات
_c30 سم
504 _aمراجع ص.88
520 _aمفاهيم اساسية حول المؤسسة، تنظيم المؤسسات ووظائفها، الجوانب التطبيقية والعلمية في المؤسسة المعاصرة.
653 _aالمؤسسات
653 _aالمؤسسات العامة
653 _aالمؤسسة
653 _aالمشروعات
710 _aجامعة الجزائر3: كلية العلوم الإقتصادية، العلوم التجارية وعلوم التسيير
_eناشر علمي
942 _cHANDOUT
999 _c41082
_d41082